|
|
|
|
| LEADER |
00000nab a2200000 a 4500 |
| 001 |
vtls000912929 |
| 003 |
SK-MaSNL |
| 005 |
20260303210313.0 |
| 008 |
140301e19911204xo 0 slo |
| 035 |
|
|
|a KE21832
|
| 040 |
|
|
|a KEVKJB
|b slo
|c KEVKJB
|e AACR2
|
| 041 |
0 |
|
|a slo
|
| 044 |
|
|
|a xo
|c SK
|
| 080 |
|
|
|a 786.6
|2 1981
|
| 080 |
|
|
|a 78.091.4
|2 1981
|
| 100 |
1 |
|
|a Urbančíková, Lýdia,
|d 1942-
|4 aut
|9 26881
|
| 245 |
1 |
0 |
|a Organový festival v Košiciach na rázcestí
|
| 611 |
2 |
7 |
|a Medzinárodný organový festival
|n (21. :
|d 1991 :
|c Košice, Slovensko)
|2 KEVKJB
|9 1241833
|
| 648 |
|
7 |
|a 1991
|2 snkbucl
|9 277043
|
| 650 |
0 |
7 |
|a hudba pre organ
|2 snkbuc
|9 3374
|
| 650 |
0 |
7 |
|a hudobné festivaly
|2 snkbuc
|9 2958
|
| 651 |
|
7 |
|a Košice (Slovensko)
|2 KEVKJB
|9 18694
|
| 773 |
0 |
8 |
|t Hudobný život
|g Roč. 23, č. 23 (1991), s. 4
|
| 852 |
|
|
|a ZVYKNI
|b KIS3GCP
|
| 999 |
|
|
|c 2199714
|d 2201644
|